00317nam a2200121 a 45000010005000000030005000050050017000100080041000270400020000681000039000882450037001272600031001642098CDMR20130116135224.0130130s1968||||||||||||||||||||||||||||d aCDMRbcatcCDMR1 aTorroba Bernaldo de Quiros, Felipe13aLa información y el periodismo aBuenos Airesc1968bEUDEBA